Antología esencial
Uloženo v:
| Hlavní autoři: | , |
|---|---|
| Médium: | Kniha |
| Jazyk: | španělština |
| Vydáno: |
Santiago
Dolmen Ediciones
1990
|
| Vydání: | 1a. ed |
| Edice: | Escritores de Chile
|
| Témata: | |
| Tagy: |
Přidat tag
Žádné tagy, Buďte první, kdo vytvoří štítek k tomuto záznamu!
|
MARC
| LEADER | 00000cam a2200000 a 4500 | ||
|---|---|---|---|
| 001 | UCH4218 | ||
| 003 | CL-VaPUC | ||
| 008 | 090818e19900000CL |||||||||||||||||spa|d | ||
| 020 | |a 9562012477 | ||
| 082 | 0 | 4 | |a Ch863.4 |b EMA |2 21 |
| 100 | |a Emar, Juan |e author |9 454978 | ||
| 700 | 0 | |a Brodsky, Pablo |e author |9 539709 | |
| 245 | 1 | 0 | |a Antología esencial |
| 250 | |a 1a. ed | ||
| 300 | |a 322 p | ||
| 942 | |c BK | ||
| 945 | |d 20090818 00:00:00 |a ccalabra | ||
| 260 | |a Santiago |b Dolmen Ediciones |c 1990 | ||
| 650 | 0 | |a Literatura chilena |9 308278 | |
| 650 | 0 | |a Relatos chilenos |9 321121 | |
| 650 | 0 | |a Ensayos chilenos |9 269132 | |
| 583 | |a last modification |c 20130726 03:40:26 |k Rodrigo Vera | ||
| 490 | 0 | |a Escritores de Chile | |
| 999 | |c 335554 |d 335552 | ||